000 00728nam a2200253Ia 4500
003 OSt
005 20221005050137.0
006 a|||||r|||| 00| 0
007 ta
008 221004b |||||||| |||| 00| 0 ben d
020 _a9848477845 (hbk)
024 _a16244
037 _bGift, 11/02/2015,
_cTextual
040 _aCRL
_cCRL
_bben
041 _2ben
_aben
082 _aO157,3(Y:45:61)x, P9
100 _aSaibat Ahmed
_9594323
245 0 _aBiswas snestha rahasya galpa
260 _aKolkatta
_bDey's Publication India
_c2009
300 _a323p.
_ccm.
650 _aBENGALI LITERATURE
942 _hO157,3(Y:45:61)x, P9
_cTEXL
_2cc
999 _c956420
_d956420